000 00693nam a2200241Ia 4500
003 OSt
005 20221005115505.0
006 a|||||r|||| 00| 0
007 ta
008 221004b |||||||| |||| 00| 0 ben d
020 _a9788189834272 (hbk)
_c175
024 _a27244
037 _bM/2009/18, 14/03/2009, Mukta Dhara
_cTextual
040 _aCRL
_cCRL
_bben
041 _2ben
_aben
082 _aO157,3NBA,CH, P8
100 _aBall Rabishankar
_9627615
245 0 _aChayaputuler khela
260 _c2008
650 _aBENGALI LITERATURE
942 _hO157,3NBA,CH, P8
_cTEXL
_2cc
999 _c1034988
_d1034988